| 000 | 00507nam a22001937a 4500 | ||
|---|---|---|---|
| 003 | OSt | ||
| 005 | 20140310182215.0 | ||
| 008 | 130907t xxu||||| |||| 00| 0 eng d | ||
| 020 | _a917182837 | ||
| 050 |
_aBP 50 _b.M212 1994 |
||
| 082 |
_aHS 795.4 _bM11 1994 |
||
| 245 |
_aIslam / _cRuqaiyyah Magsood |
||
| 260 |
_aLondon : _bHodder and Stoughton, _cc1994. |
||
| 300 |
_a218 p. : _bill. ; _c20 cm. |
||
| 650 |
_a Religious _916984 |
||
| 650 |
_a Islam _911024 |
||
| 942 |
_2lcc _cHS |
||
| 999 |
_c10565 _d10565 |
||